Bob's Burgers Trivia - Deep Cuts - Pt 1 - Statistics

General Stats
  • This quiz has been taken 36 times
  • The average score is 5 of 15
Answer Stats
Hint Answer % Correct
The Belcher's landlord Mr. Calvin Fischoeder
63%
First biker baby born in the restraunt SideCar
53%
Gene + Bob's favorite movie Banjo
50%
Louise's first burger of the day The Child Molester
47%
Louise + Bob's favorite movie Hawk and Chick
43%
Gene + Courtney's musical Work Hard or Die Trying, Girl
43%
Bob's dad's restraunt Big Bob's Diner
40%
BOBSUX video game Burger Boss
40%
Randy the documentarian's cow Moolisa
40%
Tabitha Johansen's popular song Oil Spill
37%
Gene's favorite lunch lady Hildy
13%
Gayle's favorite cat Mr. Buisness
10%
Mr. Frond's Cat Dr. Bojangles
7%
The Pickle Guy Harry
3%
Stationary Store on Ocean Ave Yours Truly
3%
No matching quizzes found
Score Distribution
Percent of People with Each Score
Percentile by Number Answered
Your Score History
You have not taken this quiz